Marketing en el sector público. Todas las claves para su mejora
Guardat en:
| Autors principals: | , |
|---|---|
| Format: | Llibre |
| Idioma: | espanyol |
| Publicat: |
Madrid
Pearson Educación
2007
|
| Matèries: | |
| Etiquetes: |
Afegir etiqueta
Sense etiquetes, Sigues el primer a etiquetar aquest registre!
|
MARC
| LEADER | 00000nam a2200000 a 4500 | ||
|---|---|---|---|
| 001 | UCI4104 | ||
| 003 | CL-VaPUC | ||
| 008 | 071221e20070000SP |||||||||||||||||spa|d | ||
| 020 | |a 9788483223789 | ||
| 082 | 0 | 4 | |a 658.8 |b KOT |2 21 |
| 100 | |a Kotler, Philip |e author |9 578348 | ||
| 700 | 0 | |a Lee, Nancy |e author |9 525781 | |
| 245 | 1 | 0 | |a Marketing en el sector público. Todas las claves para su mejora |
| 300 | |a 519 p | ||
| 942 | |c BK | ||
| 945 | |d 20071221 00:00:00 |a rbrito | ||
| 260 | |a Madrid |b Pearson Educación |c 2007 | ||
| 650 | 0 | |a Marketing |9 259324 | |
| 650 | 0 | |a Sector público |9 349431 | |
| 650 | 0 | |a Servicios públicos |9 328528 | |
| 650 | 0 | |a Precios |9 260787 | |
| 650 | 7 | |a DETERMINACION DE PRECIOS |2 CL-VaPUC |9 358975 | |
| 650 | 7 | |a ESTUDIO DE MERCADO |2 CL-VaPUC |9 350124 | |
| 650 | 0 | |a Gestión de mercados |9 350125 | |
| 650 | 0 | |a Publicidad |9 314572 | |
| 583 | |a last modification |c 20071221 00:00:00 |k Rodrigo Vera | ||
| 999 | |c 328095 |d 328093 | ||
| 952 | |0 0 |1 0 |4 0 |6 658_800000000000000_KOT_2007 |7 0 |8 A |9 411846 |a BIBENE |b BIBENE |d 2019-11-22 |i 4397134 |l 1 |o 658.8 KOT 2007 |p 4397134 |r 2025-01-15 |s 2022-10-19 |w 2019-11-22 |y BK |k ICO | ||